| 000 | 00629nam a2200205 a 4500 | ||
|---|---|---|---|
| 001 | 20327 | ||
| 003 | CO-ViMGA | ||
| 008 | 141112s2004 ck r 000 u spa d | ||
| 020 | _a9802572152 | ||
| 040 |
_aCO-ViMGA _bspa _cCO-ViMGA |
||
| 082 | 0 | 4 | _aSKAc |
| 100 | 1 |
_aSkarmeta, Antonio; Ruano, Alfonso _929353 |
|
| 245 | 1 | 0 | _aLa Composición |
| 260 |
_aCaracas : _bEdiciones Ekare, _c2000 |
||
| 300 | _a36p | ||
| 590 | _aForma de adquisición : Premio Min Cultura - - Precio : 22875 - - Fecha de adquisición : Febrero 2005 | ||
| 650 | 1 | 4 |
_aCUENTOS INFANTILES _92743 |
| 650 | 1 | 4 |
_aCUENTOS INFANTILES CHILENOS _9756 |
| 942 |
_2ddc _cBK |
||
| 999 |
_c29336 _d29336 |
||